Ký sinh trùng và côn trùng y học (giáo trình giảng dạy sau đại học)
Nội dung sách nói về đặc điểm hình thể, sinh học, vai trò y học, chẩn đoán, điều trị, dịch tễ học và các biện pháp phòng chống, những mầm bệnh kí sinh trùng phổ biến và nguy hiểm trong giai đoạn hiện nay và dự báo tương lai....
সংরক্ষণ করুন:
| প্রধান লেখক: | |
|---|---|
| অন্যান্য লেখক: | , |
| বিন্যাস: | গ্রন্থ |
| ভাষা: | Vietnamese |
| প্রকাশিত: |
H.
Quân đội nhân dân
2005
|
| বিষয়গুলি: | |
| ট্যাগগুলো: |
ট্যাগ যুক্ত করুন
কোনো ট্যাগ নেই, প্রথমজন হিসাবে ট্যাগ করুন!
|
| Thư viện lưu trữ: | Thư viện Trường Đại học Nam Cần Thơ |
|---|
| LEADER | 01966nam a22002777a 4500 | ||
|---|---|---|---|
| 001 | NCT_62256 | ||
| 008 | 190406b xxu||||| |||| 00| 0 vie d | ||
| 999 | |c 3015 |d 3015 | ||
| 020 | |c 225000 | ||
| 082 | 0 | 4 | |2 23rd ed. |a 616.9 |b Qu106 |
| 100 | 1 | |a Lê Bách Quang |e Chủ biên | |
| 245 | 1 | 0 | |a Ký sinh trùng và côn trùng y học |b (giáo trình giảng dạy sau đại học) |c Lê Bách Quang (chủ biên) ; Nguyễn Ngọc San, Phạm Văn Minh, ...(biên soạn) |
| 260 | |a H. |b Quân đội nhân dân |c 2005 | ||
| 300 | |a 566 tr. |b Hình vẽ |c 27cm | ||
| 500 | |a ĐTTS ghi: Học viện Quân y | ||
| 520 | 3 | |a Nội dung sách nói về đặc điểm hình thể, sinh học, vai trò y học, chẩn đoán, điều trị, dịch tễ học và các biện pháp phòng chống, những mầm bệnh kí sinh trùng phổ biến và nguy hiểm trong giai đoạn hiện nay và dự báo tương lai. | |
| 653 | |a Y Đa khoa | ||
| 700 | 1 | |a Nguyễn Ngọc San |e Biên soạn | |
| 700 | 1 | |a Phạm Văn Minh |e Biên soạn | |
| 942 | |2 ddc |c BK | ||
| 952 | |0 0 |1 0 |2 ddc |4 0 |6 616_900000000000000_QU106 |7 0 |9 16369 |a 000001 |b 000001 |d 2019-04-06 |o 616.9 Qu106 |p MD.15090 |r 2019-04-06 |v 225000.00 |w 2019-04-06 |y BK | ||
| 952 | |0 0 |1 0 |2 ddc |4 0 |6 616_900000000000000_QU106 |7 0 |9 16370 |a 000001 |b 000001 |d 2019-04-06 |o 616.9 Qu106 |p MD.15091 |r 2019-04-06 |v 225000.00 |w 2019-04-06 |y BK | ||
| 952 | |0 0 |1 0 |2 ddc |4 0 |6 616_900000000000000_QU106 |7 0 |9 16371 |a 000001 |b 000001 |d 2019-04-06 |o 616.9 Qu106 |p MD.15092 |r 2019-04-06 |v 225000.00 |w 2019-04-06 |y BK | ||
| 952 | |0 0 |1 0 |2 ddc |4 0 |6 616_900000000000000_QU106 |7 0 |9 16372 |a 000001 |b 000001 |d 2019-04-06 |o 616.9 Qu106 |p MD.15093 |r 2019-04-06 |v 225000.00 |w 2019-04-06 |y BK | ||
| 952 | |0 0 |1 0 |2 ddc |4 0 |6 616_900000000000000_QU106 |7 0 |9 16373 |a 000001 |b 000001 |d 2019-04-06 |o 616.9 Qu106 |p MD.15094 |r 2019-04-06 |v 225000.00 |w 2019-04-06 |y BK | ||
| 980 | |a Thư viện Trường Đại học Nam Cần Thơ | ||